000 01011nam a22002417a 4500
999 _c8665
_d8665
003 AR-CdUCM
008 190325b ||||| |||| 00| 0 spa d
040 _aMUNICIPALIDAD PROVINCIAL DEL CUSCO
_cBIBLIOTECA MUNICIPAL DEL CUSCO
082 _a323.338 /
_bM28
_22ed.
100 _aMatos Mar, José
_94659
245 _aHacienda, comunidad y campesinado en el Perú /
260 _aLima :
_bInstituto de estudios peruanos,
_c1976.
300 _a390 páginas ;
_c19 cm.
440 _aPerú problema.
_n3
_924221
505 _aHacienda, comunidad y campesinado en una región del Perú -- Proceso de la sociedad rural -- Origen del sistema de hacienda, el valle de Chancay -- Evolución y situación de la hacienda tradicional de la región de Huancavelica ...
650 _aComunidades indígenas
_93290
650 _aOrganizaciones campesinas
_924222
650 _aHaciendas
_96478
650 _aTerrenos agricolas
_924223
710 _aInstituto de Estudios Peruanos
_936
942 _2ddc
_cLIBROS
945 _aacv